| 000 | 00933nam a2200277 i 4500 | ||
|---|---|---|---|
| 001 | bg | ||
| 003 | BPK | ||
| 005 | 20200103120736.0 | ||
| 008 | 000320s1979 pl a f |000 0 pol | ||
| 015 | _aPB 1980/9670 | ||
| 020 | _a8301003839 | ||
| 040 |
_aWA N _cBPK |
||
| 041 | 0 | _apol | |
| 080 | _a005.31 | ||
| 080 | _a519.87 | ||
| 245 | 0 | 0 |
_aDecyzje : _banaliza systemowa organizacji / _cpod red. Andrzeja K. Koźmińskiego ; aut. Marek Kostrzewski [et al. ]. |
| 260 |
_aWarszawa : _bPańst. Wydaw. Naukowe, _c1979. |
||
| 300 |
_a273, [1] s. : _bil. tab. wykr. ; _c20 cm. |
||
| 504 | _aBibliogr. przy rozdz. | ||
| 650 | 4 | _aDecyzje | |
| 650 | 4 | _aAnaliza systemowa | |
| 700 | 1 |
_aKostrzewski, Marek _d(1948-1998). |
|
| 700 | 1 |
_aKoźmiński, Andrzej Krzysztof _d(1941- ) _eRedakcja |
|
| 942 |
_2UKD _cKS |
||
| 856 |
_uhttp://koha.tu.koszalin.pl/cgi-bin/koha/opac-detail.pl?biblionumber=21497 _yKatalog online BPK |
||
| 999 |
_c21497 _d21497 |
||